000 00431nam a2200145Ia 4500
008 090124s9999 xx 000 0 und d
082 _b402365
245 _a अव्दितीय साहसकथा
250 _a1
260 _bकेळकर ग. म.
_c1989
300 _a48
630 _a अव्दितीय साहसकथा
730 _a अव्दितीय साहसकथा
942 _cBOOK
999 _c198825
_d198825